|
|
|
|
| LEADER |
00000cam a2200000 7i4500 |
| 001 |
0000001029 |
| 005 |
20220105103917.0 |
| 008 |
070704 |
| 020 |
|
|
|a 9831281128
|
| 090 |
0 |
0 |
|a JP
|b SC ENG (976)
|
| 100 |
0 |
|
|a Rita, Anne
|
| 245 |
1 |
0 |
|a Sight
|c Anne Rita
|
| 260 |
|
|
|a Kuala Lumpur :
|b Sunrise Publisher ,
|c 2004
|
| 440 |
|
|
|a Explore science
|
| 500 |
|
|
|a Children age 4-6 years old (yellow)
|
| 650 |
|
0 |
|a Science fiction, Malay
|
| 999 |
|
|
|a 0000899224
|b Book
|c Children Collection
|e Cawangan Tmn. Ungku Tun Aminah
|
| 999 |
|
|
|a 0000899227
|b Book
|c Children Collection
|e Cawangan Pontian
|
| 999 |
|
|
|a 0000899228
|b Book
|c Children Collection
|e Cawangan Pontian
|
| 999 |
|
|
|a 0000954729
|b Book
|c Children Collection
|e Cawangan Kota Tinggi
|
| 999 |
|
|
|a 0000954730
|b Book
|c Children Collection
|e Cawangan Bandar Penawar
|
| 999 |
|
|
|a 0000954731
|b Book
|c Children Collection
|e Perbadanan Perpustakaan Awam Johor
|
| 999 |
|
|
|a 0000954732
|b Book
|c Children Collection
|e Perbadanan Perpustakaan Awam Johor
|
| 999 |
|
|
|a 0000954733
|b Book
|c Children Collection
|e Cawangan Mersing
|
| 999 |
|
|
|a 0000986916
|b Book
|c Children Collection
|e Cawangan Segamat
|
| 999 |
|
|
|a 0000986917
|b Book
|c Children Collection
|e Cawangan Segamat
|
| 999 |
|
|
|a 0001076836
|b Book
|c Children Collection
|e Cawangan Pontian
|
| 999 |
|
|
|a 0001147389
|b Book
|c Children Collection
|e Cawangan Segamat
|
| 999 |
|
|
|a 000899231
|b Book
|c Children Collection
|e Cawangan Batu Pahat
|
| 999 |
|
|
|a 000899232
|b Book
|c Children Collection
|e Cawangan Batu Pahat
|